Normal view
MARC view
Entry Personal Name
001 - CONTROL NUMBER
- control field: 21319
003 - CONTROL NUMBER IDENTIFIER
- control field: dpl
005 - DATE AND TIME OF LATEST TRANSACTION
- control field: 20100923145706.0
008 - FIXED-LENGTH DATA ELEMENTS
- fixed length control field: 100923|||a|||||| | ||| d
040 ## - CATALOGING SOURCE
- Original cataloging agency: dpl
- Transcribing agency: dpl
100 ## - HEADING--PERSONAL NAME
- Personal name: ਨਰੂਲਾ,ਕੇ ਏਸ
670 ## - SOURCE DATA FOUND
- Source citation: Work cat.: (dpl): ਸੁਰੇਂਦਰ ਕੋਰ 21104, ਤੇਰੀ ਖੱਟੀ ਲਸੀ ਬੱਲੀਏ /, 1973
670 ## - SOURCE DATA FOUND
- Source citation: Work cat.: (dpl): ਸੁਰੇਂਦਰ ਕੋਰ 21104, ਤੇਰੀ ਖੱਟੀ ਲਸੀ ਬੱਲੀਏ /, 1973
